| 000 | 00390nam a2200145Ia 4500 | ||
|---|---|---|---|
| 008 | 230917s9999||||xx |||||||||||||| ||und|| | ||
| 040 |
_e72713 _aMAIN |
||
| 041 | _aEnglish | ||
| 082 | _a658 C845K | ||
| 100 | _aCrainer, Stuart | ||
| 245 | 0 | _aKey management ideas: Thinking that changed the managent world | |
| 260 |
_aNew Delhi _bMacmillan _c1995 |
||
| 300 | _axvii, 252 p. | ||
| 942 | _cBK | ||
| 999 |
_c101953 _d101953 |
||